[Event "Chigorin Memorial 29th"]
[Site "St Petersburg"]
[Date "2022.10.28"]
[Round "7"]
[White "Trifanov, Vladimir"]
[Black "Miftakhova, Azalia"]
[Result "1-0"]
[WhiteElo "1205"]
[BlackElo "1559"]
[PlyCount "111"]
[EventDate "2022.10.22"]
[EventType "swiss"]
[EventRounds "9"]
[EventCountry "RUS"]
[SourceTitle "EXT 2024"]
[Source "ChessBase"]
[SourceDate "2023.10.10"]
[SourceVersion "1"]
[SourceVersionDate "2023.10.10"]
[SourceQuality "1"]

1. d4 d5 2. Nf3 Nf6 3. c4 dxc4 4. e3 c5 5. Bxc4 e6 6. b3 a6 7. 0-0 Be7 8. Bb2 Nbd7 9. Qc2 b5 10. Bd3 Bb7 11. Qe2 0-0 12. Nbd2 Nb6 13. Rac1 cxd4 14. Nxd4 Nbd5 15. Rfd1 Rc8 16. N2f3 Kh8 17. a3 Bd6 18. Bb1 Rxc1 19. Rxc1 Ne7 20. h3 Qa8 21. b4 Bd5 22. Ne1 Ng6 23. f3 Nh5 24. Qd2 Rd8 25. Qc3 Ng3 26. Bd3 Qb7 27. e4 Bc4 28. Bxc4 bxc4 29. Qxc4 Ne5 30. Qc2 Bb8 31. Qf2 Ng6 32. Nd3 e5 33. Nc5 Qb6 34. Ndb3 Nf4 35. Re1 Ngh5 36. Kh2 Qg6 37. g3 Nd3 38. Nxd3 Rxd3 39. Nc5 Rd8 40. Bc3 Qg5 41. Rg1 Qg6 42. Qe2 h6 43. Nxa6 Ba7 44. Nc5 Qd6 45. Qb5 Rb8 46. Qc4 Qf6 47. f4 Qd8 48. Qxf7 Bxc5 49. bxc5 Nf6 50. Bxe5 Qd2+ 51. Rg2 Qd8 52. Bxb8 Qxb8 53. e5 Ne4 54. Qc4 Qb1 55. c6 Ng5 56. fxg5 1-0